000 01046cam a2200157 4500500
005 20260419004928.0
041 _afre
042 _adc
100 1 0 _aBonnafé, Lucien
_eauthor
245 0 0 _aFranco Basaglia : la rupture
260 _c2003.
500 _a81
520 _aRésumé La folie, selon Bonnafé, est donc cette protestation qu’il s’agit d’entendre, comme la poésie elle aussi en bute à la surdité de la raison réductrice. Mais la poésie est œuvre, ce que n’est pas la folie qui n’est que protestation, et si la poésie trouve des lieux pour circuler, la folie quant à elle ne chemine pas, elle ne fait pas le lien social car elle est réduite au nom qui a été donné à l’autre de la raison ; sa vertu est aussi sa limite, ligotée qu’elle est à la surdité qui l’a constituée comme telle.
786 0 _nVST - Vie sociale et traitements | 78 | 2 | 2003-05-01 | p. 27-28 | 0396-8669
856 4 1 _uhttps://shs.cairn.info/revue-vie-sociale-et-traitements-2003-2-page-27?lang=fr&redirect-ssocas=7080
999 _c2215712
_d2215712